Claims management vol. III / (Record no. 164080)

MARC details
000 -LEADER
fixed length control field 00470nam a22001697a 4500
005 - DATE AND TIME OF LATEST TRANSACTION
control field 20190509153345.0
010 ## - LCCN (DPL NO)
LC control number B-181718
020 ## - INTERNATIONAL STANDARD BOOK NUMBER
International Standard Book Number 8178811030
035 ## - SYSTEM CONTROL NUMBER
System control number B-181718
037 ## - SOURCE OF ACQUISITION
Source of stock number/acquisition The ICFAI University Press
082 ## - DEWEY DECIMAL CLASSIFICATION NUMBER
Classification number 658.812
100 ## - MAIN ENTRY--PERSONAL NAME
Personal name Management, Claims
245 ## - TITLE STATEMENT
Title Claims management vol. III /
Statement of responsibility, etc Claims Management
260 ## - PUBLICATION, DISTRIBUTION, ETC. (IMPRINT)
Name of publisher, distributor, etc The ICFAI University Press
Date of publication, distribution, etc 2002
300 ## - PHYSICAL DESCRIPTION
Extent 159p
Dimensions 23cm (hbk)
942 ## - ADDED ENTRY ELEMENTS (KOHA)
Source of classification or shelving scheme Dewey Decimal Classification
Item type English Books
Classification part 658.812
Call number suffix CLA
Holdings
Withdrawn status Lost status Not for loan Collection code Home library Current library Date acquired Full call number Barcode Koha item type
      Non-fiction Sarojini Nagar Sarojini Nagar 09/05/2019 658.812 CLA B-181718 English Books

© Delhi Public Library
Hit Counter
free hit counter